Κατάλογος Βιβλιοθηκών Mediterranean College

The Communicative Competence of Young Children / A Modular Approach (Record no. 5711)

MARC details
000 -LEADER
fixed length control field 01357cam a22002054a 4500
005 - ΗΜΕΡΟΜΗΝΙΑ ΚΑΙ ΩΡΑ ΤΕΛΕΥΤΑΙΑΣ ΕΝΗΜΕΡΩΣΗΣ
Πεδίο ελέγχου 20250605164220.0
008 - FIXED-LENGTH DATA ELEMENTS--GENERAL INFORMATION
Πεδίο ελέγχου σταθερού μήκους 250528s ||||||||||||||||||||||||d
035 ## - SYSTEM CONTROL NUMBER
System control number 20620
020 ## - ISBN
ISBN 582552710
040 ## - ΠΗΓΗ ΚΑΤΑΛΟΓΟΓΡΑΦΗΣΗΣ
Φορέας πρωτότυπης καταλογογράφησης MC Athens Campus Library
Γλώσσα καταλογογράφησης Ελληνικά, Μοντέρνα (1453-)
Modifying agency MC Athens Campus Library
Κανόνες περιγραφικής καταλογογράφησης AACR2
245 1# - ΤΙΤΛΟΣ ΚΑΙ ΔΗΛΩΣΗ ΥΠΕΥΘΥΝΟΤΗΤΑΣ
Τίτλος The Communicative Competence of Young Children / A Modular Approach
250 ## - EDITION STATEMENT
Edition statement 1st
260 ## - PUBLICATION, DISTRIBUTION, ETC.
Name of publisher, distributor, etc. Longman,
Date of publication, distribution, etc. 1990
300 ## - PHYSICAL DESCRIPTION
Extent 240
520 ## - SUMMARY, ETC.
Summary, etc. This exciting analysis examines the differing theoretical persuasions in the field of child language study, and the kinds of debates these differences have engendered. Preface, Acknowledgements, Background Concepts, Foundations of Early Communication, Pre Linguistic Communicative Competence and the Early Lexicon, Communicating with Language, Early Syntax and Semantics: The Two-Word Stage, Advances in Lexican Development, Syntactic Development, Pragmatic Development in the Linguistic Stage, Explaining the Development of Communicative Competence, Components of Explanations, Explaining the Acquisition of Morphology, Explaining Early Syntactic Development, Explaining Lexical Development, Explaining Later Syntactic Acquisition, Explaining Pragmatic Development, A Model of Communicative Competence, Studying Child Language, Bibliography, Index.
700 1# - ΠΡΟΣΘΕΤΗ ΑΝΑΓΡΑΦΗ--ΦΥΣΙΚΟ ΠΡΟΣΩΠΟ
Personal name Foster Susan H
9 (RLIN) 6586
942 ## - ADDED ENTRY ELEMENTS (KOHA)
Koha item type Books
Holdings
Τύπος τεκμηρίου Βιβλιοθήκη Τρέχουσα τοποθεσία Barcode Αριθμός εισαγωγής Ημερομηνία απόκτησης Ταξιθετικό σύμβολο Αριθμός αντιτύπου Κατάσταση απόσυρσης Κατάσταση χαμένου Κατάσταση κατεστραμμένου Μη δανεισμός Σύνολο δανεισμών Ημερομηνία τελευταίας εμφάνισης Η τιμή ισχύει από
Books MC Athens Campus Library MC Athens Campus Library 9780000057105 7169 05/06/2025 155.4/18 FOS 1           05/06/2025 05/06/2025

MC Athens Campus Library
Πατησίων 94 & Κοδριγκτώνος 13, 104 34
Πελλήνης 8 & Πατησίων 107, 112 51
Τ: +30 210 8899600

MC Thessaloniki Campus Library
Ίωνος Δραγούμη 21, 54625 | Ίωνος Δραγούμη 15, 54625
Τ: +30 2310 287779 – Τ: +30 2314 440300